000 01174nam a22002417a 4500
005 20170124103154.0
010 _aA-906276
020 _c175.00
_a8175660112
035 _aA-906276
037 _bCen Lib/Ret
040 _aDPL
_bHN
082 _a652.8
_bगर्गधु
100 _aगर्ग, धुरेन्द्र कुमार
_988827
245 _aगुप्त-लेखन :
_cधुरेन्द्र कुमार गर्ग [और] प्रमोद कुमार सक्सेना
_bएक परिचय /
246 _aGupta-lekhan : ek parichaya /
_bby Dhurendra Kumar Garg [aur] Pramod Kumar Saxena
260 _aदिल्ली
_bअविराम प्रकाशन
_c1998
270 _a29/62, गली-11, विश्वास नगर
_bदिल्ली
_e110032
300 _a186पृ. :
_c21सेमी (सजिल्द)
_bसचित्र
650 _aक्रिप्टोग्राफी।
_977377
650 _aCryptography.
_988828
700 _aसक्सेना, प्रमोद कुमार
_988829
942 _2ddc
_cHN
_h652.8
_mगर्गधु
999 _c120161
_d120161